| 000 | 01783cam a22004217a 4500 | ||
|---|---|---|---|
| 003 | CHAP | ||
| 005 | 20220329142624.0 | ||
| 008 | 010926d co r 00110 spa d | ||
| 010 | _a85751 | ||
| 011 | _a86723 | ||
| 035 | _a97263 | ||
| 040 | _cCHAP | ||
| 090 | _aFolleto 16441 | ||
| 100 | 0 | 0 |
_aLarrahondo, Jesús Eliecer. _964949 |
| 245 | 1 | 0 |
_aEspectroscopia de infrarrojo cercano-NIR. Principios generales. Determinación de nitrógeno en tejido foliar de caña de azúcar : _bcalibración y validación del equipo Bran&Luebbe, modelo I nfraAlyzer 500 _c/por Jesús Eliecer Larrahondo, Francisco Javier Palau y Carlos Ramírez |
| 260 |
_aCali, Colombia : _bCentro de Investigación de la Caña de Azúcar de Colombia, _c2001. |
||
| 300 |
_a28 p. ; _bgráfs. |
||
| 410 | 0 | 0 | _aCentro de Investigación de ka Caña de Azúcar en Colombia |
| 490 | 0 |
_aSerie procesos industriales _v; 1 |
|
| 590 |
_aBATCH-UPD _b10 _c20130110 _lUCH01 _h0311 |
||
| 590 |
_aBATCH-UPD _b10 _c20130110 _lUCH01 _h1521 |
||
| 590 |
_aBATCH-UPD _b10 _c20130409 _lUCH01 _h2343 |
||
| 590 |
_aBATCH-UPD _b10 _c20130410 _lUCH01 _h1647 |
||
| 590 |
_aBATCH-UPD _b10 _c20130914 _lUCH01 _h0837 |
||
| 590 |
_aCONVERSION _b10 _c20130109 _lUCH01 _h1348 |
||
| 650 | 1 | 4 |
_aCaña de azúcar _xColombia. _918588 |
| 650 | 1 | 4 |
_aCaña de azúcar _xIndustria. _918616 |
| 650 | 1 | 4 |
_aEspectroscopía. _937802 |
| 650 | 1 | 4 |
_aNitrógeno _xEfecto en caña de azúcar. _981417 |
| 700 | 0 |
_aPalau, Francisco Javier. _984886 |
|
| 700 | 0 |
_aRamírez, Carlos. _994350 |
|
| 810 | 0 | 0 |
_aCentro de Investigación de ka Caña de Azúcar en Colombia _921141 |
| 830 | 0 | 0 |
_aSerie procesos industriales _v; 1 _9105009 |
| 901 | _aBK | ||
| 905 | _aAlejandra Carrasco M. | ||
| 942 | _cFOLL | ||
| 949 |
_aFolleto 16441 _bBC _cFOLL _d33724002010504 _eTS1 _i97263 _sb |
||
| 999 |
_c85751 _d85751 |
||